000 03078cam a22012134i 4500
003 PE-LiUPU
005 20250813185626.0
008 150706s2011 ag a r 000 0 spa d
020 _a9789871486335
035 _a(Sirsi) i9789871486335
040 _aPE-LiUPU
_bspa
_cPE-LiUPU
_erda
049 _aPRUA
082 0 4 _a338.642
_bE9
_221
245 0 1 _aEstructuración de un fondo de inversión aplicado al sector MYPE exportador peruano /
_cEduardo Court Monteverde . [et al.].
250 _a1a ed.
264 1 _aArgentina :
_bCengage Learning,
_c2011.
300 _a123 páginas :
_bilustraciones ;
_c24 cm.
336 _atext
_2rdacontent
337 _aunmediated
_2rdamedia
338 _avolume
_2rdacarrier
505 0 _aAntecedentes -- Marco teórico y normativo -- Método de investigación -- Estructuración de un fondo de inversión aplicado al sector MYPE exportador y la intermediación financiera -- Conclusiones y recomendaciones.
526 _aP202
526 _aP201
526 _aP163
526 _aP162
526 _aP161
526 _aP160
526 _aP148
526 _aP147
526 _aP146
526 _aP145
526 _aP144
526 _aP143
526 _aP142
526 _aP141
526 _aP140
526 _aP139
526 _aP138
526 _aP137
526 _aP136
526 _aP135
526 _aP134
526 _aP133
526 _aP129
526 _aP128
526 _aP127
526 _aP120
526 _aP119
526 _aP118
526 _aP116
526 _aP115
526 _aP114
526 _aP110
526 _aP109
526 _aP108
526 _aP104
526 _aP103
526 _aP102
526 _aP99
526 _aP98
526 _aP97
526 _aP96
526 _aP95
526 _aP93
526 _aP90
526 _aP89
526 _aP88
526 _aP83
526 _aP82
526 _aP62
526 _aP59
526 _aP58
526 _aP57
526 _aP51
526 _aP49
526 _aP48
526 _aP47
526 _aP29
526 _aP24
526 _aP20
526 _aP19
526 _aP17
526 _aP15
526 _aP14
526 _aP12
526 _aP10
526 _aP09
526 _aP08
526 _aP07
526 _aP06
526 _aP05
526 _aP04
526 _aP01
541 _g001-000024;
650 0 4 _aInstituciones financieras
_zPerú.
650 0 4 _aMicrofinanzas
_zPerú.
650 0 4 _aPequeñas empresas
_xFinanzas.
910 _agl
_clch
_d20130829
942 _2ddc
_cBOOK
949 _a338.642 E9
_wDEWEY
_c1
_i68051
_lCCODEBUL1
_mBUL
_p26.00
_r0
_sY
_tBOOK
_u2015-7-6
_xFCE
_PP04
_o.STAFF. Colección General
994 _aC0
_bPEPRU
596 _a1
999 _a338.642 E9
_wDEWEY
_c55509
_i68051
_f2021-11-5
_g6
_lCCODEBUL1
_mBUL
_p26.00
_r0
_sY
_tBOOK
_u2015-7-6
_xFCE
_PP04
_0COMPRA
_o.STAFF. Colección General
_d55509
980 _81
_gALBERTO SANCHEZ Responsable de Automatización